Educational evaluation theory & practice (Record no. 1725)

MARC details
000 -LEADER
fixed length control field 00527cam a2200193ua 4500
001 - CONTROL NUMBER
control field 1843
005 - DATE AND TIME OF LATEST TRANSACTION
control field 20260515113416.0
008 - FIXED-LENGTH DATA ELEMENTS--GENERAL INFORMATION
fixed length control field 110811n ii |||gr||||Z||||||eng
040 ## - CATALOGING SOURCE
Transcribing agency MAIN
082 ## - DEWEY DECIMAL CLASSIFICATION NUMBER
Classification number 371.26
100 ## - MAIN ENTRY--PERSONAL NAME
Personal name Patel, Rambhai N.,
Relator term Author.
245 1# - TITLE STATEMENT
Title Educational evaluation theory & practice
Statement of responsibility, etc. by Rambhai N. Patel
250 ## - EDITION STATEMENT
Edition statement 3rd.
260 ## - PUBLICATION, DISTRIBUTION, ETC.
Place of publication, distribution, etc. Delhi:
Name of publisher, distributor, etc. Himalaya publishinh house,989.
300 ## - PHYSICAL DESCRIPTION
Extent vii; 304p:
Dimensions 23cm.
653 ## - INDEX TERM--UNCONTROLLED
Uncontrolled term Education
653 ## - INDEX TERM--UNCONTROLLED
Uncontrolled term Educational education theory & practice
942 ## - ADDED ENTRY ELEMENTS (KOHA)
Koha item type Books
Holdings
Withdrawn status Lost status Damaged status Not for loan Home library Current library Shelving location Date acquired Total checkouts Full call number Barcode Date last seen Copy number Price effective from Koha item type
        Naharkatiya College Library Naharkatiya College Library General stacks 09/19/2020   371.26 | PAT 11011 09/19/2020 1 09/19/2020 Books
        Naharkatiya College Library Naharkatiya College Library General stacks 09/19/2020   371.26 | PAT 11784 09/19/2020 2 09/19/2020 Books